Μαρκ Σαγκάλ, 1887-1985 : η ζωγραφική ως ποίηση

Saved in:
Bibliographic Details
Main Author: Walther, Ingo F.
Other Authors: Metzger, Rainer
Format: Book
Language:Greek
German
Published: Αθήνα : Taschen/Γνώση, c2005.
Subjects:
Tags: Add Tag
No Tags, Be the first to tag this record!

MARC

LEADER 00000cam a2200000 i 4500
001 1/57062
008 140925s2005 gr | ||| |||| ||gre||
020 |a 9602357142 
035 |l 10119286 
040 |a GR-MyUa  |b gre  |e AACR2 
041 1 |a gre  |h ger 
082 7 |a 700.92   |2 (23) 
100 1 |a Walther, Ingo F. 
245 1 0 |a Μαρκ Σαγκάλ, 1887-1985 :   |b η ζωγραφική ως ποίηση /   |c Ingo F. Walther, Rainer Metzger ; μετάφραση Ανδρέας Παππάς. 
246 1 |i Τίτλος εξωφύλλου:   |a Σαγκάλ 
260 |a Αθήνα :   |b Taschen/Γνώση,   |c c2005. 
300 |a 95 σ. :   |b εικ. ;   |c 23 εκ. 
600 1 0 |a Chagall, Marc,   |d 1887-1985  |x Criticism and interpretation. 
700 1 |a Metzger, Rainer. 
765 0 8 |i Μετάφραση του:   |t Marc Chagall, 1887-1985 :  
852 |a INST  |b SYROS  |e 20140925  |h 700.92 CHA  |p 005500012461  |q 005500012461  |t BK  |y 0 
901 |a BIBL5-2014-3 
922 |a 5ΕΛΗ  |b 201407  |c Βιβλιοθήκη Σύρου  |d Π. Ιωαννίδου 
970 |a Κοντού  |b Παρασκευή  |z 25/09/2014